000 00336nam a2200133Ia 4500
008 231221s9999 xx 000 0 und d
020 _a978-0-8176-4408-6
041 _aEnglish
100 _aJean-Michel Muller
245 0 _aElementary Functions
260 _c2006
_bSpringer US
_aNew York
650 _aComputer Science
942 _cEB
999 _c218360
_d218360